Plants of Darjeeling and the Sikkim Himalayas. (Record no. 86461)

MARC details
000 -LEADER
fixed length control field 00973cam a22002771 4500
001 - CONTROL NUMBER
control field sa 68015448
003 - CONTROL NUMBER IDENTIFIER
control field DLC
005 - DATE AND TIME OF LATEST TRANSACTION
control field 20260227112643.0
008 - FIXED-LENGTH DATA ELEMENTS--GENERAL INFORMATION
fixed length control field 850809m19679999ii abf b f000 0 eng
010 ## - LIBRARY OF CONGRESS CONTROL NUMBER
LC control number sa 68015448
020 ## - INTERNATIONAL STANDARD BOOK NUMBER
Terms of availability v. 1: Rs50.00; £3/16/6
025 ## - OVERSEAS ACQUISITION NUMBER
Overseas acquisition number PL480:I-E-9807
040 ## - CATALOGING SOURCE
Original cataloging agency DLC/ICU
Transcribing agency ICU
Modifying agency DLC
043 ## - GEOGRAPHIC AREA CODE
Geographic area code a-ii---
050 00 - LIBRARY OF CONGRESS CALL NUMBER
Classification number QK358
Item number .B53
082 00 - DEWEY DECIMAL CLASSIFICATION NUMBER
Classification number 591.9/54/14
100 1# - MAIN ENTRY--PERSONAL NAME
Personal name Biswas, Kalipada,
Dates associated with a name 1899-
245 10 - TITLE STATEMENT
Title Plants of Darjeeling and the Sikkim Himalayas.
260 ## - PUBLICATION, DISTRIBUTION, ETC.
Place of publication, distribution, etc. Alipore,
Name of publisher, distributor, etc. Supt., Govt. Print., West Bengal Govt. Press,
Date of publication, distribution, etc. 1966- [i.e. 1967-
300 ## - PHYSICAL DESCRIPTION
Extent v. <1- >
Other physical details illus. (part col.), col. map, plates (part col.)
Dimensions 29 cm.
500 ## - GENERAL NOTE
General note On jacket of v. 1: Govt. of West Bengal, Commerce and Industries Dept.
504 ## - BIBLIOGRAPHY, ETC. NOTE
Bibliography, etc. note Bibliography: v. 1, p. 85-90.
650 #0 - SUBJECT ADDED ENTRY--TOPICAL TERM
Topical term or geographic name entry element Botany
Geographic subdivision India
-- Darjeeling (District)
650 #0 - SUBJECT ADDED ENTRY--TOPICAL TERM
Topical term or geographic name entry element Botany
Geographic subdivision India
-- Sikkim.
710 1# - ADDED ENTRY--CORPORATE NAME
Corporate name or jurisdiction name as entry element West Bengal (India).
Subordinate unit Commerce and Industries Department.

No items available.

Powered by Koha